000 00355nam a2200133Ia 4500
008 240624s9999 xx 000 0 und d
041 _aeng
082 _a658.4038 KNI
100 _aKNIGHT TOM
245 _aKNOWLEDGE MANAGEMENT A BLUEPRINT FOR DEL
260 _c2003
_aOxford
_bButterworth Heinemann
300 _ax, : 251 : p. : cm. ; 25
365 _c
_b30
999 _c16390
_d16390